Paragraf: Polárny kruh

Bibliographic Details
Main Author: Slobodník, Dušan, 1927-2001 (Author)
Format: Book
Language:Slovak
PhysicalDescription:207 s. 21 cm
Published: [Bratislava] Tatramedial 2001
ISBN:8096861409
Edition:[1. vyd.]
Subjects:

MARC

LEADER 00000nam a2200000 a 4500
001 vtls001561671
003 SK-MaSNL
005 20260301204233.0
008 240318s2001 xo g 000 0 slo
020 |a 8096861409  |q (brož.) 
040 |a SNK  |b slo  |c SNK  |e AACR2 
041 0 |a slo 
043 |a e-xo---  |a e-ur--- 
044 |a xo  |c SK 
072 7 |a 929  |x Biografie  |2 konspekt 
080 |a 82-92-051  |2 MDT-MRF 
080 |a 82.0-051  |2 MDT-MRF 
080 |a 81`25-051  |2 MDT-MRF 
080 |a 32-051  |2 MDT-MRF 
080 |a 343.81  |2 MDT-MRF 
080 |a (437.6)  |2 MDT-MRF 
080 |a (47+57)  |2 MDT-MRF 
080 |a (0:82-94)  |2 MDT-MRF 
100 1 |a Slobodník, Dušan,  |d 1927-2001  |4 aut  |9 103407 
245 1 0 |a Paragraf: Polárny kruh  |c Dušan Slobodník 
250 |a [1. vyd.] 
260 |a [Bratislava]  |b Tatramedial  |c 2001 
300 |a 207 s.  |c 21 cm 
501 |a Miesto vyd. podľa ISBN 
600 1 7 |a Slobodník, Dušan,  |d 1927-2001  |2 SNKMA  |9 103407 
650 0 7 |a publicisti  |2 SNKPH  |9 63929 
650 0 7 |a literárni vedci  |2 SNKPH  |9 220855 
650 0 7 |a prekladatelia  |2 SNKPH  |9 56923 
650 0 7 |a politici  |z Slovensko  |2 SNKPH  |9 68898 
650 0 7 |a väznice  |z Sovietsky zväz  |y 1945-1953  |2 SNKPH  |9 588767 
650 0 7 |a spomienky  |2 SNKPH  |9 55795 
919 |a 80-968614-0-9 
958 |a OND 
999 |c 905608  |d 907538 
952 |a SNK  |b SNK  |y PREZ  |7 0  |p 17A0467536  |o snkSC 119681  |i snk2005/6837  |8 1  |0 0  |1 0  |4 0  |d 2005-04-25  |l 0  |r 2025-05-28 00:00:00  |w 2026-02-24